| 000 | 01688nam a2200253 a 4500 | ||
|---|---|---|---|
| 001 | BRCA_8727 | ||
| 005 | 20190320210400.0 | ||
| 008 | 170217s1773----sp-#######---#000-0#spa-# | ||
| 041 | _aspa | ||
| 044 | _asp | ||
| 084 |
_aBE73 _b.J85 1773 |
||
| 100 | 1 |
_aJulian y Carrera, Blas _921723 |
|
| 245 | 1 | 0 |
_aSermones sobre varios asuntos _btomo tercero _cescritos en francés y traducidos en castellanos por Don Blas Julián y Carrera, Abad de Leorin, y Revisor General de Librerias por el Consejo de la Suprema y General Inquisición. |
| 260 |
_aMadrid _bEn la Oficina de Pantaleón Aznar, Carrera de San Geronymo _c1773 |
||
| 300 |
_a[2], 300 p. (t.3) _c21.5 x 15 cm |
||
| 500 | _aCon las licencias necesarias | ||
| 500 | _aCon marca de fuego: “Procedencia de la marca: Colegio Jesuita de San Francisco Xavier de la Ciudad de Querétaro (1). Institución: Provincia Mexicana de la Compañía de Jesús. Descripción: Iniciales S. Xr. Q. que se desata como S[an] X[avie]r [de] Q[uerétaro.]. Observaciones: A falta de un testimonio de pertenencia se hace la atribución de la marca en función a la realizada por David Saavedra Vega. Se espera localizar otro ejemplar que corrobore esta atribución. Ubicación de la marca en el libro: Canto superior” | ||
| 500 | _aEstado físico: presenta encuadernación en pergamino y presencia del pez de plata | ||
| 505 | 0 | _acontenido: Mysterios de N.tro S.r | |
| 650 | 1 | 4 |
_aSermones franceses _yObras anteriores a 1800 _921724 |
| 856 | _ahttp://www.marcasdefuego.buap.mx:8180/xmLibris/projects/firebrand/item.jsp?repository=marcas_de_fuego&key=marcas_de_fuego_marcas_de_fuego_20151006120916_4064.xml&num=5 | ||
| 902 | _aCFM | ||
| 942 |
_2lcc _cB |
||
| 999 |
_c8379 _d8379 |
||